Guess the Taylor Swift Song (Speak Now TV) 20 - Statistics

General Stats
  • This quiz has been taken 11 times
  • The average score is 266 of 376
Answer Stats
Answer % Correct
a
100%
me
100%
To
100%
to
100%
away
88%
be
88%
day
88%
day,
88%
eyes,
88%
eyes
88%
go
88%
Go
88%
He
88%
he
88%
hear
88%
him
88%
his
88%
I
88%
In
88%
in
88%
the
88%
they
88%
When
88%
all
75%
and
75%
And
75%
are
75%
back,
75%
back
75%
brown
75%
Come
75%
come
75%
don't
75%
Don't
75%
fly
75%
got
75%
has
75%
here
75%
here,
75%
I'll
75%
It's
75%
like
75%
not
75%
on
75%
one
75%
say
75%
say,
75%
Superman
75%
superman
75%
that
75%
watch
75%
you
75%
you?"
75%
you,
75%
always
63%
bad
63%
beautiful
63%
But
63%
but
63%
dark,
63%
dark
63%
down
63%
ever
63%
every
63%
fine"
63%
first
63%
forever
63%
Forever
63%
forget
63%
forget,
63%
from
63%
girl
63%
He's
63%
he's
63%
how
63%
"How
63%
if
63%
I'm
63%
"Just
63%
La,
63%
la,
63%
la
63%
looking
63%
love
63%
miss
63%
or
63%
out
63%
right
63%
Right
63%
said
63%
same
63%
save
63%
some
63%
Something
63%
take
63%
tell
63%
thing
63%
today
63%
was
63%
where
63%
with
63%
wonder
63%
work
63%
yeah
63%
You've
63%
about
50%
ambition
50%
around
50%
briefcase
50%
busy
50%
can't
50%
Cause
50%
complicated,
50%
deep
50%
drives
50%
father's
50%
ground
50%
hang
50%
hope
50%
irrational
50%
I've
50%
knows
50%
let
50%
loved
50%
mothers
50%
much
50%
never
50%
okay
50%
papers
50%
puts
50%
reputation
50%
singing
50%
single
50%
smile
50%
someday
50%
Tall,
50%
very
50%
were
50%
word
50%
world
50%
world,
50%
call
38%
card
38%
far
38%
flowers
38%
I swear,
38%
leave,
38%
lovestruck
38%
other
38%
places
38%
window
38%
wishing
38%
Wishing
38%
No matching quizzes found
Score Distribution
Percent of People with Each Score
Percentile by Number Answered
Your Score History
You have not taken this quiz